000 00332 a2200145 4500
001 147488
040 _cEscola São Tomás de Aquino
100 _aLANG, Emilia
240 1 0 _aA árvore de sapatos
_lpor
245 1 0 _aA árvore de sapatos
362 0 _a2016
440 1 _aEditora 34
697 _a*LITERATURA INFANTO
942 _cBK
999 _c147488
_d147488